| 000 | 00760nam a2200229 a 4500 | ||
|---|---|---|---|
| 001 | 1361 | ||
| 003 | BR-CuiBMT | ||
| 005 | 20231205225901.0 | ||
| 008 | 231204s2016 spba | 000 0 por d | ||
| 040 |
_aBR-CuiBMT _cBR-CuiBMT |
||
| 080 |
_22007 _a351.712.2.02 |
||
| 090 |
_a351.712.2.02 _bS239l |
||
| 110 |
_aSão Paulo. _bTribunal de contas |
||
| 245 |
_aLicitações e contratos : _bprincipais aspectos da fase preparatória : manual básico / _cTribunal de contas do Estado de São Paulo. |
||
| 260 |
_aSão Paulo : _bTCSP, _c2016. |
||
| 300 |
_a121 p. : _bil. ; _c23 cm |
||
| 504 | _aInclui bibliografia. | ||
| 650 | _aGestão de contratos adminstrativos | ||
| 650 |
_aLicitação _xRegistro de preços |
||
| 650 | _aRegularidade fiscal | ||
| 942 |
_2udc _cLV |
||
| 999 |
_c1361 _d1361 |
||